Normal view
MARC view
- Stock companies
Entry Topical Term
001 - CONTROL NUMBER
- control field: 81167
003 - CONTROL NUMBER IDENTIFIER
- control field: NUST
005 - DATE AND TIME OF LATEST TRANSACTION
- control field: 20210804095521.0
008 - FIXED-LENGTH DATA ELEMENTS
- fixed length control field: 210804|| aca||aabn | a|a d
040 ## - CATALOGING SOURCE
- Original cataloging agency: NUST
- Transcribing agency: NUST
150 ## - HEADING--TOPICAL TERM
- Topical term or geographic name entry element: Stock companies
- Geographic subdivision: Pakistan
- General subdivision: Accounting
- Form subdivision: Periodicals
670 ## - SOURCE DATA FOUND
- Source citation: Work cat.: (NUST)0: Balance sheet analysis of joint stock companies listed at the Karachi Stock Exchange 1999-2004 /
